Psychopathologie du traumatisme (notice n° 1567642)
[ vue normale ]
| 000 -LEADER | |
|---|---|
| fixed length control field | 01440cam a2200145 4500500 |
| 005 - DATE AND TIME OF LATEST TRANSACTION | |
| control field | 20251214003237.0 |
| 041 ## - LANGUAGE CODE | |
| Language code of text/sound track or separate title | fre |
| 042 ## - AUTHENTICATION CODE | |
| Authentication code | dc |
| 100 10 - MAIN ENTRY--PERSONAL NAME | |
| Personal name | Pedinielli, Jean-Louis |
| Relator term | author |
| 245 00 - TITLE STATEMENT | |
| Title | Psychopathologie du traumatisme |
| 260 ## - PUBLICATION, DISTRIBUTION, ETC. | |
| Name of publisher, distributor, etc. | Armand Colin,<br/> |
| Date of publication, distribution, etc. | 2015.<br/> |
| 520 ## - SUMMARY, ETC. | |
| Summary, etc. | Traumatisme, traumatique, trauma, sont des mots, des notions psychologiques, qui accompagnent notre époque… La question du traumatisme occupe une place déterminante dans la psychopathologie moderne en reposant le problème du rapport entre le sujet et les ruptures de vie, les drames, les accidents…Qu’est-ce qui « fait trauma » ? Qu’est-ce qui peut bien distinguer le simple événement déplaisant, le choc, du traumatisme au pouvoir désorganisateur générant des phénomènes pathologiques ou des souffrances ou contribuant à leur persistance ?Cet ouvrage délimite la définition de « traumatisme », et en donne les caractéristiques cliniques. Il rend compte des différents courants (psychanalyse, cognitivisme, EMDR) qui fournissent, chacun, leurs propres définitions et théories du traumatisme. Enfin, il recense les prises en charge des sujets traumatisés en distinguant les soins immédiats des traitements psychothérapeutiques à moyen ou long terme. |
| 700 10 - ADDED ENTRY--PERSONAL NAME | |
| Personal name | Mariage, André |
| Relator term | author |
| 856 41 - ELECTRONIC LOCATION AND ACCESS | |
| Uniform Resource Identifier | <a href="https://shs.cairn.info/psychopathologie-du-traumatisme--9782200600525?lang=fr&redirect-ssocas=7080">https://shs.cairn.info/psychopathologie-du-traumatisme--9782200600525?lang=fr&redirect-ssocas=7080</a> |
Pas d'exemplaire disponible.




Réseaux sociaux